000 00648nam a2200181Ia 4500
008 100921s9999 xx 000 0 und d
082 _b17964
_a500 थ 81
100 _aकेळकर गो.रा.
245 _aव्यवहारात विज्ञान पहा.
260 _bअनिरूध्द साहित्य,पुणे.
_c1981
300 _a115
_b---
365 _b11
520 _aविज्ञान.
630 _aव्यवहारात विज्ञान पहा.
650 _aविज्ञान.
730 _aव्यवहारात विज्ञान पहा.
942 _cBOOK
999 _c767077
_d767074